Регионална библиотека "Любен Каравелов" - Русе

Магическият епос на Антон Дончев (Запис номер 490742)

MARC детайли
000 -Лидер
Контролно поле с фиксирана дължина 01929nam a2200337 a 4500
003 - Код на организацията, давaща контролен номер
Контролно поле BLK
005 - Дата и час на последна редакция
Контролно поле 20240229004025.0
008 - Елементи от данни с фиксирана дължина
fixed length control field 230502b bul|||||r ||||||| ||bul||
020 ## - Международен стандартен номер на книга ISBN
Международен стандартен номер на книга ISBN 9789540917177
040 ## - Източник на каталожния запис
Идентификатор на билиотеката - собственик на записа BLK
041 ## - Код за език
Код за езика на текст/звукозапис или на отделно заглавие Български
Код за езика КДБФ Български
080 ## - УДК
Текстов определител УДК Българска литература
УДК код - определител по УДК 821.163.2
УДК определител (092)
УДК - код + определител 821.163.2(092)
080 ## - УДК
Текстов определител УДК Български писател
УДК код - определител по УДК 929 Дончев, Антон Николов
УДК - код + определител 929 Дончев, Антон Николов
139 ## - Редно поле
Редна дума Магическият епос на Антон Дончев
Авторски знак Донч - Д 78
245 10 - Сведения за заглавието
Заглавие Магическият епос на Антон Дончев
Редно поле (дума) състав. и ред. Иван Гранитски
257 ## - Страна на издаване
Страна на създаване/издаване България
260 ## - Област на издателските данни
Място на издаване, разпространение и проч. София
Име на издателя, разпространителя и проч. Захарий Стоянов
Година на издаване 2023
Печатница София : Миг принт
300 ## - Физическа характеристика
Страници 228 с.
Илюстрации и др. с ил.
Размери/Мащаб 21 см
380 ## - Жанр
Жанр Литературознание
500 ## - Общи забележки
Забележка Епическото мислене на Антон Дончев / Иван Гранитски: с. 7-9. - Иван Гранитски - псевд. на авт. на доп. материал Иван Йорданов Димитров<br/>Част от отзивите за романа "Време разделно", публикувани в чуждестранния печат: с. 177-227
600 14 - Име на лице, използвано като предмет
За него / За нея Дончев, Антон Николов
9 (RLIN) 365055
650 #4 - Допълнително описание по предмет – тема
Основно описание – тема или топоним Писатели, български - творчество
9 (RLIN) 250544
653 ## - Ключова дума – ненормативна
Ключова дума Антон Дончев
700 1# - Други автори (авторска отговорност)
Лично име Гранитски, Иван
Пълна форма на името Димитров, Иван Йорданов
Дати, свързани с автора 1953-
Друга информация Журналист, литературен критик, теоретик и историк, поет, публицист и издател.
Автороска отговорност (Описва отношението между автора и произведението) състав. и ред.
9 (RLIN) 55767
852 ## - Местоположение
Форматна сигнатура Цб 317640
Фондова буква Хранилище
856 4# - Електронен адрес и достъп
Електронен формат pdf - файл
Инструкция (цена за достъп) 0.00
Права за достъп disable
856 4# - Електронен адрес и достъп
Електронен формат pdf - файл
Инструкция (цена за достъп) 0.00
Права за достъп disable
999 ## - СИСТЕМНИ КОНТРОЛНИ НОМЕРА
Koha biblionumber 490742
Koha biblioitemnumber 490742
942 ## - АРТИКУЛИ
Вид на библиотечния материал Книги
Скрит в OPAC Не
Периодичен библиозапис Да
944 ## - СЪЗДАВАНЕ И РЕДАКЦИЯ на ЗАПИСА
Създаване/Редакция Създаване
Дата на регистрацията/редакция 2023-05-02
Служител, извършил регистрацията/редакцията
Статус, дата на статуса CRON CRON
944 ## - СЪЗДАВАНЕ И РЕДАКЦИЯ на ЗАПИСА
Създаване/Редакция Редакция
Дата на регистрацията/редакция 2023-05-09
Служител, извършил регистрацията/редакцията ГГГ
Наличности
Код за отписване Код за изгубен артикул Източник на класификационната схема Код за повреда Коз за рестрикции Код за отдаване Артикулен № Име на библиотеката - собственик Име на библиотеката, в която се намира в момента Статус (Текущо местоположение) Дата на вписване в системата Местоположение - отдел Цена в лева Инвентарен номер Систематично азбучна сигнатура Баркод Цена в евро Служебен тип на артикула
  Не е изгубен Universal Decimal Classification Не е повреден без рестрикции заемане за дома 927626 Регионална библиотека "Любен Каравелов" Русе Регионална библиотека "Любен Каравелов" Русе Заемна - подръчен фонд 2023-05-02 Заемна - подръчен фонд 14.00 120000886798 821.163.2.09(092)/Д 78 А 120000886798 7.16 Книги
  Не е изгубен Universal Decimal Classification Не е повреден без рестрикции заемане за дома 927627 Регионална библиотека "Любен Каравелов" Русе Регионална библиотека "Любен Каравелов" Русе Заемна - подръчен фонд 2023-05-02 Заемна - подръчен фонд 14.00 120000886799 821.163.2.09(092)/Д 78 А 120000886799 7.16 Книги
  Не е изгубен Universal Decimal Classification Не е повреден само за читалня ползва се в читалня 928143 Регионална библиотека "Любен Каравелов" Русе Регионална библиотека "Любен Каравелов" Русе Хранилище 2023-05-10 Хранилище 20.00 120000887342 Цб 317640 120000887342 10.23 Книги
Vip Innovations Ltd, Rousse, Bulgaria 2025